000 00580nam a2200145Ia 4500
008 100204s9999 xx 000 0 und d
082 _b6997
100 _aगोखले गो. सी.
245 _aज्ञान सागरातील शिंपले भाग - 3
260 _b"यशवंत प्रकाशन , पुणे"
_c1982 3
300 _a16+212
630 _aज्ञान सागरातील शिंपले भाग - 3
730 _aज्ञान सागरातील शिंपले भाग - 3
942 _cBOOK
999 _c451435
_d451432